| 000 | 00780nam a2200205Ii 4500 | ||
|---|---|---|---|
| 003 | JO-AjNU | ||
| 008 | 230605s9999||||xx |||||||||||||| ||und|| | ||
| 040 |
_aJO-AjNU _bara _erda _cJO-AjNU |
||
| 041 | _aara | ||
| 050 | 1 | 4 | _aDS154.6.A32 2011 |
| 100 | 3 |
_aعبداللة إبن الحسين الثاني 1999, _eauthor _931676 |
|
| 245 | 0 | 0 | _aفرصتنا الأخيرة: السعي نحو السلام في زمن الخطر |
| 250 | _aط1 | ||
| 264 | 3 | 1 | _aبيروت: دار الساقي، 2011 |
| 300 |
_a448ص _bفهارس من ص (441-448) |
||
| 336 |
_atext _btxt _2rdacontent |
||
| 337 |
_aunmediated _bn _2rdamedia |
||
| 338 |
_avolume _bnc _2rdacarrier |
||
| 650 | 4 |
_aالسلام -تاريخ الاردن -الملك عبدالله الثاني بن الحسين _931677 |
|
| 999 |
_aA12696 _c16264 _d16264 |
||